Art of Terracotta (Record no. 15556)
[ view plain ]
| 000 -LEADER | |
|---|---|
| fixed length control field | 005110000a22001930004500 |
| 001 - CONTROL NUMBER | |
| control field | 003659 |
| 003 - CONTROL NUMBER IDENTIFIER | |
| control field | MACL |
| 005 - DATE AND TIME OF LATEST TRANSACTION | |
| control field | 20151126151046.0 |
| 008 - FIXED-LENGTH DATA ELEMENTS--GENERAL INFORMATION | |
| fixed length control field | 151126b xxu||||| |||| 00| 0 eng d |
| 040 ## - CATALOGING SOURCE | |
| Original cataloging agency | MACL |
| Transcribing agency | MACL |
| 041 ## - LANGUAGE CODE | |
| Language code of text/sound track or separate title | English |
| 082 ## - DEWEY DECIMAL CLASSIFICATION NUMBER | |
| Classification number | 700/SEN |
| 100 ## - MAIN ENTRY--PERSONAL NAME | |
| Personal name | Sengupta, Arputha Rani |
| 9 (RLIN) | 18348 |
| 245 ## - TITLE STATEMENT | |
| Title | Art of Terracotta |
| Remainder of title | Cult and Vultural Synthesis In India |
| Statement of responsibility, etc. | Arputha Rani Sengupta |
| 260 ## - PUBLICATION, DISTRIBUTION, ETC. (IMPRINT) | |
| Place of publication, distribution, etc. | Agam Kala Prakashan, |
| Date of publication, distribution, etc. | 2005 |
| 350 ## - PRICE (NR) (BK AM CF MU VM SE) [OBSOLETE] | |
| Price | 2500 |
| 650 ## - SUBJECT ADDED ENTRY--TOPICAL TERM | |
| Topical term or geographic name as entry element | Arts |
| 9 (RLIN) | 18349 |
| 942 ## - ADDED ENTRY ELEMENTS (KOHA) | |
| Call number prefix | 700 |
| Koha item type | Books |
| Source of classification or shelving scheme | |
| Withdrawn status | Lost status | Source of classification or shelving scheme | Damaged status | Not for loan | Home library | Current library | Date acquired | Cost, normal purchase price | Total Checkouts | Full call number | Barcode | Date last seen | Uniform Resource Identifier | Price effective from | Koha item type |
|---|---|---|---|---|---|---|---|---|---|---|---|---|---|---|---|
| MACL | MACL | 15/04/2015 | 2500.00 | 700 | CRE018961 | 02/05/2024 | 15454 | 15/04/2015 | Books |









